• 首页
  • 本馆介绍
  • 公告通知
  • 最新文献
  • 馆藏检索
  • 电子资源
  • 读者导购
  • 参考咨询
  • 我的图书馆
  • 登录
  • 详细信息显示
  • 放入我的书架
  • 预约/预借图书
  • 作者相关作品
  • 分类相关作品
  • 丛书相关作品
  • 出版社相关作品

书目信息

  • 表格格式
  • 工作单格式
  • 卡片格式
题名:
模拟电子技术重点难点及典型题精解
    
 
作者: 马积勋 编著
分册:  
出版信息: 西安   西安交通大学出版社  2001
页数: 393页
开本: 26cm
丛书名: 21世纪大学课程辅导丛书
单 册:
中图分类: TN710-44
科图分类:
主题词: 模拟电路--高等学校--教学参考资料
电子资源:
ISBN: 7-5605-1271-2
000 00716nam0 2200217 45
001 0211041686
005 20031219104059.8
010    @a7-5605-1271-2@dCNY35.00
100    @a20021104d2001 km y0chiy0120 ea
101 0  @achi
105    @aa z 000yy
200 1  @a模拟电子技术重点难点及典型题精解@AMo Ni Dian Zi Ji Shu Zhong Dian Nan Dian Ji Dian Xing Ti Jing Jie@f马积勋编著@FMa Ji Xun Bian Zhu
210    @a西安@c西安交通大学出版社@d2001
215    @a393页@d26cm
225    @a21世纪大学课程辅导丛书
410    @12001 @a21世纪大学课程辅导丛书
606 0  @a模拟电路@x高等学校@x教学参考资料
690    @aTN710-44@v4
701  0 @a马积勋@4编著
801    @aCN@bTSTC@c20021104
905    @b316800-809@dTN710-44@e146@f10
    
    模拟电子技术重点难点及典型题精解/马积勋编著.-西安:西安交通大学出版社,2001
    393页;26cm.-(21世纪大学课程辅导丛书)
    
    
    ISBN 7-5605-1271-2:CNY35.00
    
●
相关链接 在E读中查询图书 在五车中查询图书 在当当中查询图书 在豆瓣中查询图书


正题名:模拟电子技术重点难点及典型题精解     索取号:TN710-44/146         预约/预借

序号 登录号 条形码 馆藏地/架位号 状态 备注
1 0316800   203168008   第三借阅区/ [索取号:TN710-44/146] 在馆    
2 0316801   203168017   第三借阅区/ [索取号:TN710-44/146] 在馆    
3 0316802   203168026   第三借阅区/ [索取号:TN710-44/146] 在馆    
4 0316803   203168035   第三借阅区/ [索取号:TN710-44/146] 在馆    
5 0316804   203168044   第三借阅区/ [索取号:TN710-44/146] 在馆    
6 0316805   203168053   第三借阅区/ [索取号:TN710-44/146] 在馆    
7 0316806   203168062   第三借阅区/ [索取号:TN710-44/146] 在馆    
8 0316807   203168071   第三借阅区/ [索取号:TN710-44/146] 在馆    
9 0316808   203168080   第三借阅区/ [索取号:TN710-44/146] 在馆    
10 0316809   203168099   第二样本阅览室/ [索取号:TN710-44/146] 在馆    
唐山师范学院图书馆 欢迎您!
大连网信软件有限公司© 版权所有